Statistics for Persona 5 Confidants Quiz

Click here to take the quiz!

General Stats

  • This quiz has been taken 59 times
  • The average score is 15 of 22

Answer Stats

No.ArcanaConfidant% Correct
IMagicianMorgana
94%
0FoolIgor
92%
IXHermitFutaba Sakura
84%
IIPriestessMakoto Niijima
82%
VHierophantSojiro Sakura
82%
VIIChariotRyuji Sakamoto
80%
VILoversAnn Takamaki
78%
XXJudgementSae Niijima
78%
VIIIJusticeGoro Akechi
74%
IIIEmpressHaru Okumura
74%
IVEmperorYusuke Kitagawa
70%
XIIIDeathTae Takemi
68%
XVIIStarHifumi Togo
66%
XIStrengthCaroline and Justine
64%
XIVTemperanceSadayo Kawakami
58%
XFortuneChihaya Mifune
56%
XVITowerShinya Oda
54%
XVIIIMoonYuuki Mishima
52%
XVDevilIchiko Ohya
50%
XIIHanged ManMunehisa Iwai
42%
XIXSunToranosuke Yoshida
42%
XXIWorldWorld
14%

Score Distribution

Percentile by Number Answered

Percent of People with Each Score

Your Score History

You have not taken this quiz